Washington State Geography - Map - Statistics

General Stats
  • This quiz has been taken 53 times
  • The average score is 21 of 38
Answers on the Map
Answers color-coded by a green-red scale on the quiz's map according to % correct below.
 
Answer Stats
Answer % Correct
Cities Seattle
93%
Olympia
89%
Spokane
80%
Puget Sound
77%
Tacoma
77%
Vancouver
73%
Mount Rainier
70%
Mountain Mount St. Helens
70%
River Columbia River
68%
Peninsula Olympic Peninsula
68%
Bellevue
66%
I-90
66%
Interstate I-5
64%
Snake River
64%
Yakima
64%
Bellingham
61%
Everett
59%
Kennewick
57%
Kent
55%
Archipelago San Juan Islands
55%
Spokane Valley
55%
Renton
52%
Pasco
48%
Richland
48%
Body of water Strait of Juan de Fuca
48%
Group of 3 cities Tri Cities
48%
Federal Way
45%
Census-designated place Point Roberts
45%
Lake Chelan
41%
Mount Adams
41%
Kirkland
39%
Auburn
36%
Man-made structure Grand Coulee Dam
34%
Island Whidbey Island
34%
Space Needle
32%
National Park North Cascades NP
30%
Franklin D. Roosevelt Lake
16%
Cape Cape Alava
5%
No matching quizzes found
Score Distribution
Percent of People with Each Score
Percentile by Number Answered
Your Score History
You have not taken this quiz